000 00907nam a22002657a 4500
001 6918
003 FISKH
005 20250828155703.0
008 250606b cb ||||| |||| 00| 0 eng d
020 _a9780618310982
040 _aFISKH
_beng
_cFISKH
_dFISKH
050 _aPZ7.J41737 L
082 _a912.014
100 _aJenkins, Steve
245 _aLooking down /
_cby Steve Jenkins
260 _aBoston :
_bHoughton Mifflin Company,
_c1995.
300 _a32 unnumbered pages :
_bcolor illustrations ; maps ;
_c25 cm
505 _aF
520 _aA series of views of one landscape is seen from progressively lower vantage points, beginning in outer space and ending with a view of a ladybug as seen by a kneeling child.
521 8 _a300
_bLexile estimate
521 8 _aF
_bRaz-Plus
650 _aWordless Book
_vThinking talk
_xPicture Book
942 _2ddc
_cBK
_n0
999 _c6918
_d6918